zgadnij co to za ciężarówka po zdjęciu - Statystyki

Ogólne statystyki
  • Ten quiz został rozwiązany 22 razy
  • Średni wynik to 14 z 34
Statystyki odpowiedzi
Obrazkowy Odpowiedź % Poprawnych
star
94%
jelcz
71%
żuk
71%
ford
65%
kamaz
65%
daf
59%
iveco
59%
liaz
59%
man
59%
renault
59%
scania
59%
volvo
59%
ifa
53%
mack
53%
mercedes-benz
53%
roman
53%
kraz
47%
maz
47%
international
41%
ził
41%
fiat
35%
tatra
29%
citroen
24%
raba
24%
robur
24%
skoda
24%
deutz
12%
praga
12%
ural
6%
zis
6%
pesago
0%
scepel
0%
studebaker
0%
ursus
0%
Nie znaleziono quizów pasujących do podanych kryteriów
Rozkład punktacji
Procent ludzi z każdym wynikiem
Percentyl według liczby udzielonych odpowiedzi
Twoja historia wyników
Nie rozwiązałeś tego quizu